[Event "Niedersachsen-ch op"]
[Site "Verden"]
[Date "2011.01.05"]
[Round "7"]
[White "Graf, Tristan"]
[Black "Klein, Florian"]
[Result "1/2-1/2"]
[WhiteElo "899"]
[BlackElo "1650"]
[PlyCount "30"]
[EventDate "2011.01.02"]
[EventType "swiss"]
[EventRounds "7"]
[EventCountry "GER"]
[SourceTitle "EXT 2018"]
[Source "ChessBase"]
[SourceDate "2017.10.13"]
[SourceVersion "1"]
[SourceVersionDate "2017.10.13"]
[SourceQuality "1"]

1. e4 c5 2. Nf3 Nc6 3. Bc4 e5 4. Nc3 Nf6 5. d3 h6 6. 0-0 g6 7. b3 Bg7 8. Bb2 d6 9. h3 0-0 10. Nd5 Nxd5 11. Bxd5 Nd4 12. c3 Nxf3+ 13. Qxf3 Qf6 14. Qxf6 Bxf6 15. b4 Be6 1/2-1/2